000
00264nam a2200109Ia 4500
008
220204s9999 xx 000 0 und d
082
_a
929
_b
HOO
100
_a
Hook, Donald D
245
0
_a
Madmen of history
260
_a
New York
_b
Jonathan David
_c
1976
942
_c
BK
999
_c
34220
_d
34220